Statistics for Most Diverse Countries - With Empty Map

Click here to take the quiz!

General Stats

  • This quiz has been taken 221 times
  • The average score is 16 of 25

Answers on the Map

Answers color-coded by a green-red scale on the quiz's map according to % correct below.
 

Answer Stats

HintHintCountry% Correct
556185.9India
91%
431365South Africa
81%
433.0267.2Democratic Republic
of the Congo
80%
398.0230.8Nigeria
79%
416.9260.5Republic of the Congo
78%
635.5264Indonesia
74%
465.8259.9Kenya
73%
459.1282.5Tanzania
71%
427.6239.0Central African Republic
68%
407.0247.0Cameroon
67%
422.6209.4Chad
66%
467309.5Mozambique
66%
453.1256.6Uganda
66%
378.2234.5Ghana
64%
703.7282.4Papua New Guinea
64%
488230Somalia
63%
406.5264Gabon
60%
368.0235.9Ivory Coast
59%
383.0232.4Togo
59%
456.0307.0Malawi
56%
359.2239.6Liberia
54%
347.7220.3Guinea-Bissau
49%
486.0324.3Madagascar
49%
344216Gambia
47%
461.7146.8Lebanon
17%

Score Distribution

Percentile by Number Answered

Percent of People with Each Score

Your Score History

You have not taken this quiz